00261nam a2200109Ia 4500008004100000100002000041245002400061260002200085650002000107942000700127999001700134190216s9999||||xx |||||||||||||| ||und|| aRajan Kakanadan 0aAmarnath Guhayileek bDc Books Kottayam aYathravivaranam cBK c25932d25932